000 00498nam a2200193Ia 4500
001 17402
008 140405s9999 xx 000 0 und d
020 _a0-13-393760-7
040 _cPK-LaUMT
082 _a 621.3815
_bBOG-E
100 _aTheodore F. Bogart
245 _aElectronic devices and circuits
_cTheodore F. Bogart
250 _a4th
260 _aUpper Saddle River,USA:
_bPrentice Hall,
_c1997
300 _a1001 p.
546 _aEN
650 _aElectronics circuits
942 _cBK
999 _c17824
_d17824